[Sylvie Aprile, Maryla Laurent, Janine Ponty (eds.): Polonaises aux champs]

Titel: [Sylvie Aprile, Maryla Laurent, Janine Ponty (eds.): Polonaises aux champs] / Anna Łysiak-Łątkowska
Verfasser:
Beteiligt:
In: Polish American studies, Band 75, Heft 1 (2018), Seite 100-104
alle Artikel anzeigen
Veröffentlicht: 2018
Format: Aufsatz
Sprache: Englisch
Schlagworte:
Kein Bild verfügbar
X
alg: 50945976
001A    $03025:10-07-23 
001B    $01999:10-07-23 $t22:41:16.000 
001D    $03025:10-07-23 
001U    $0utf8 
001X    $00 
002@    $0Oou 
002C    $aText $btxt $2rdacontent 
002D    $aComputermedien $bc $2rdamedia 
002E    $aOnline-Ressource $bcr $2rdacarrier 
003@    $0509459765 
007A    $0509459765 $aHEB 
009Q    $uhttps://doi.org/10.5406/poliamerstud.75.1.0100 $xH 
009Q    $uhttps://www.jstor.org/stable/10.5406/poliamerstud.75.1.0100 $xH 
010@    $aeng 
010E    $erda 
011@    $a2018 
013D    $#Newspapers Sections, columns, etc. Reviews $#Book reviewing $#Journaux Cahiers, chroniques, etc. Comptes rendus $#Livres Recension $#Rezension $#Buchbesprechung $#Buchrezension $#Buchkritik $74049712-4 $8Rezension [Ts1] $9085138568 
021A    $a[Sylvie Aprile, Maryla Laurent, Janine Ponty (eds.): Polonaises aux champs] $hAnna Łysiak-Łątkowska 
028A    $BVerfasser $4aut $8Łysiak-Łątkowska, Anna [Tp3] $9451182332 
028C    $BÜbersetzer $4trl $7 $8Mazurkiewicz, Anna [Tnu] $9266883494 
031A    $d75 $e1 $h100-104 $j2018 
039B    $aEnthalten in $8--Obvc--. Polish American studies. - Champaign, Ill. : University of Illinois Press, 1944-. - Online-Ressource. - ISSN 2330-0833 $x201800000750001900 $9212438581 
039T    $aRezension von $8--Aax--Aprile, Sylvie$Z1960- [Tp1]. Polonaises aux champs. - [Paris] : Marina Laurent, 2015. - 281 Seiten. - Illustrationen. - ISBN 978-2-9529140-6-2 $9458183490 
045F    $a305.3094409043 $eDDC23BSB 
045F/01 $a305.309 
045F/03 $f09043 
045F/03 $g44 
045T    $a7,41 

lok: 50945976 78

exp: 50945976 78 1 #EPN
201B/01 $010-07-23 $t11:03:13.000 
201C/01 $010-07-23 
201U/01 $0utf8 
203@/01 $01239739036 
208@/01 $a10-07-23 $be 
209A/01 $a/ $f000 $x00 
209A/01 $ab*p $x01 
220C/01 $apgar 
244Z/01 $#Generalgouvernement Polen $#Polska $#Rzeczpospolita Polska $#Polska Rzeczpospolita Ludowa $#Poland $#Pologne $#République Polonaise $#Generalne Gubernatorstwo w Polsce $#Polish People's Republic $#Polska Rzeczpospolita Polen $#PRL $#RP $#Polen Generalgouvernement $#Polska Generalgouvernement $#Besetzte Polnische Gebiete $#Besetztes Gebiet in Polen $#Okupowane Polskie Obszary $#Obszary Okupowane w Polsce $#Volksrepublik Polen $#Polska Rosyjska $#Republic Polen $#Respublika Pol'ša $#Pol'skaja Narodnaja Respublika $#République de Pologne $#Polen Links der Weichsel $#Polska po Lewej Stronie Wisły $#Lenkija $#Polija $#Gubernija Carstva Pol'skago $#Republik Polen $74046496-9 $8--Tg1--Polen $x01 $9085129801 
247C/01 $82080>Marburg/Lahn, Herder-Institut, Forschungsbibliothek, Bibliographieportal $9336309341
LEADER 00000caa a2200000 c 4500
001 509459765
003 DE-603
005 20230710224116.0
007 cr||||||||||||
008 230710s2018 xx |||| o| u00||u|eng c
035 |a (DE-599)HEB509459765 
040 |a DE-603  |b ger  |c DE-603  |d DE-603  |e rda 
041 |a eng 
082 0 4 |8 1\u  |a 305.3094409043  |q DE-101  |2 23/BSB 
084 |a 7,41  |2 ssgn 
085 |8 1\u  |b 305.309 
085 |8 1\u  |z 1  |s 09043 
085 |8 1\u  |z 2  |s 44 
100 1 |a Łysiak-Łątkowska, Anna  |e Verfasser  |4 aut  |0 (DE-603)451182332  |0 (DE-588)1191713547  |2 gnd 
245 0 0 |a [Sylvie Aprile, Maryla Laurent, Janine Ponty (eds.): Polonaises aux champs]  |c Anna Łysiak-Łątkowska 
264 0 |c 2018 
336 |a Text  |b txt  |2 rdacontent 
337 |a Computermedien  |b c  |2 rdamedia 
338 |a Online-Ressource  |b cr  |2 rdacarrier 
655 7 |a Rezension  |2 gnd-content  |0 (DE-588)4049712-4  |0 (DE-603)085138568 
700 1 |a Mazurkiewicz, Anna  |e Übersetzer  |4 trl  |0 (DE-603)266883494 
773 0 8 |i Enthalten in  |t Polish American studies  |d Champaign, Ill. : University of Illinois Press, 1944-  |h Online-Ressource  |x 2330-0833  |g Band 75, Heft 1 (2018), Seite 100-104  |w (DE-603)212438581  |w (DE-600)2495069-5 
787 0 8 |i Rezension von  |a Aprile, Sylvie, 1960-  |t Polonaises aux champs  |d [Paris] : Marina Laurent, 2015  |h 281 Seiten, Illustrationen  |z 9782952914062  |w (DE-603)458183490 
856 |u https://doi.org/10.5406/poliamerstud.75.1.0100  |x Verlag 
856 |u https://www.jstor.org/stable/10.5406/poliamerstud.75.1.0100  |x Verlag 
924 1 |9 2080  |a (DE-603)1239739036  |b DE-2080  |c HES  |d d  |g /